01350cam a2200325 a 450000100090000000300040000900500170001300800410003001000170007102000180008802500270010603500210013303500240015403700640017804000270024204200210026904300120029005000240030208200250032624500840035126000460043530000340048150000260051550000200054150400410056150503160060265100550091865100370097370000140101015715513OSt20191218144422.0090401s2009 ii a b 001 0 eng d a 2009311215 a9788183872713 aI-E-2009-311215; 79-24 a(OCoLC)318093459 a(OCoLC)ocn318093459 bLibrary of Congress -- New Delhi Overseas OfficecRs1495.00 aDKAGEbengcDKAGEdDLC alccopycatalcode aa-ii---00aHC437.K4bK478 200904a338.95483222bRAJ/K00aKerala economy :btrends during the post reform period /c[edited by] K. Rajan. aNew Delhi :bSerials Publications,c2009. axiv, 456 p. :bill. ;c23 cm. aContributed articles. aIncludes index. aIncludes bibliographical references.0 apt. 1. Development experience and crisis in Kerala -- pt. 2. Globalisation and agriculture -- pt. 3. Population, emigration and child labour -- pt. 4. Growth, poverty, and regional disparity -- pt. 5. Health and nutrition -- pt. 6. Knowledge economy and e-governance -- pt. 7. Decentralisation and urbanisation. 0aKerala (India)xEconomic conditionsy20th century. 0aKerala (India)xEconomic policy. aRajan, K